Tác phẩm văn học: Bình giảng và phân tích; T1
Saved in:
| Main Author: | |
|---|---|
| Format: | Book |
| Language: | Undetermined |
| Published: |
Hà Nội
Văn Học
2001
|
| Subjects: | |
| Tags: |
Add Tag
No Tags, Be the first to tag this record!
|
| Institutions: | Trung tâm Học liệu Trường Đại học Cần Thơ |
|---|
| LEADER | 00576nam a2200193Ia 4500 | ||
|---|---|---|---|
| 001 | CTU_41873 | ||
| 008 | 210402s9999 xx 000 0 und d | ||
| 020 | |b 35.000đ | ||
| 082 | |a 809 | ||
| 082 | |b T101/T1 | ||
| 100 | |a Phan Cự Đệ | ||
| 245 | 0 | |a Tác phẩm văn học: Bình giảng và phân tích; T1 | |
| 245 | 0 | |c Phan Cự Đệ | |
| 260 | |a Hà Nội | ||
| 260 | |b Văn Học | ||
| 260 | |c 2001 | ||
| 650 | |a vietnamese literature - history and criticism | ||
| 904 | |i Minh, 010615 | ||
| 980 | |a Trung tâm Học liệu Trường Đại học Cần Thơ | ||